| 000 | 01045nam a22002657a 4500 | ||
|---|---|---|---|
| 999 |
_c63486 _d63486 |
||
| 005 | 20240530110644.0 | ||
| 008 | 171029s2015 ua g 000 0 ara d | ||
| 017 |
_a2012/5482 _bمصر. دار الكتب |
||
| 020 | _a9789773506560 | ||
| 040 |
_aEG-CaGPL _cEG-CaGPL |
||
| 082 | 0 | 4 |
_221 _a302.23\ _bى ن |
| 100 | 0 | _aيوسف محمد محمد . | |
| 245 | 1 | 2 |
_aالنظريات النفسية و الاجتماعية فى وسائل الاتصال المعاصرة و الالكترونية / _cيوسف محمد محمد . |
| 250 | _aط.1 | ||
| 260 |
_aالقاهرة : _bدار الكتاب الحديث ، _c2015 . |
||
| 300 |
_a385 ص. ؛ _c24 سم. |
||
| 490 | _aسلسلة بناء الاتصال : الكتاب الثانى | ||
| 650 | 0 | 7 |
_2qrmak _aالاعلام |
| 650 | 0 | 7 |
_2qrmak _aالاتصالات الالكترونية |
| 650 | 0 | 7 |
_2qrmak _aوسائل الاتصال |
| 650 | 0 | 7 |
_2qrmak _aالاعلام الجماهيرى |
| 651 | _2qrmak | ||
| 942 |
_2ddc _cBK |
||